000 00830nam a2200241 i 4500
001 171277
003 ES-MaACL
005 20230906214603.0
007 t|
008 090507s1926 fr ||||1| fre d
080 _a782.6
100 1 _aBousquet, Jacques.
_931037
245 1 0 _aMannequins
_b: féerie-opérette en 3 actes et 8 tableaux /
_cJacques Bousquet et Henri Falk ; musique de Joseph Szulc.
260 _aParis :
_bFrancis Salabert,
_c1926.
300 _a192 p. ;
_c18 cm.
490 1 _aRépertoire d'opérettes en 3 actes
650 4 _aOperetas-
_vLibretos.
_9139352
700 1 _aFalk, Henri.
_9140060
700 1 _aSzulc, Joseph.
_9140061
830 0 _aRépertoire d'opérettes en 3 actes
_9223164
852 4 _aES-MaACL
_jE-12627
_9R.140197
_z. - Biblioteca Jacinto Martínez Lacalle
999 _c171277
_d171277